00701nam a2200169 a 450000100100000000500170001000800410002704000250006808200150009310000320010824501510014026000900029130000300038150000420041170000480045370000300050100002502520240305103442.0110209s1994 dr c 000 0 spa d aDO-SdBNPbspacBNPHU axxxbH519i1 aHenríquez Ureña, Camila14aLas ideas pedagógicas de Hostos y otros escritos /cCamila Henríquez Ureña ; edición Arístides Incháustegui, Blanca Delgado Malagón. aSanto Domingo :bSecretaría de Estado de Educación, Bellas Artes y Cultos,c1994. a382 p. :bretr. ;c24 cm. aIncluye notas al pie de las páginas1 aIncháustegui Cabral, Héctor,d1912-19791 aDelgado Malagón, Blanca